[Event "Benidorm Bali op-B 20th"]
[Site "Benidorm"]
[Date "2023.12.03"]
[Round "3"]
[White "Viciano Barrachina, Aitor"]
[Black "Medina Romero, Jose"]
[Result "1/2-1/2"]
[WhiteElo "1853"]
[BlackElo "1963"]
[PlyCount "85"]
[EventDate "2023.12.01"]
[EventType "swiss"]
[EventRounds "9"]
[EventCountry "ESP"]
[SourceTitle "CB51_2023"]
[SourceDate "2023.12.20"]
[SourceVersion "1"]
[SourceVersionDate "2023.12.20"]
[SourceQuality "1"]

1. d4 g6 2. Nf3 Bg7 3. Bf4 Nf6 4. e3 0-0 5. Be2 d6 6. h3 Nc6 7. Bh2 Nd7 8. c4 e5 9. Nc3 Re8 10. 0-0 e4 11. Nd2 f5 12. b3 Nf6 13. Rc1 Bd7 14. Re1 g5 15. a3 a6 16. Qc2 Ne7 17. b4 Ng6 18. a4 h5 19. Nd5 g4 20. Nf4 Nxf4 21. Bxf4 Kh7 22. h4 Bh6 23. Bxh6 Kxh6 24. g3 Ng8 25. b5 Ne7 26. Rb1 Ng6 27. Kg2 b6 28. Qb2 a5 29. d5 Qe7 30. Qc3 Rf8 31. Bd1 Rae8 32. Bc2 Ne5 33. Rh1 Nf3 34. Bd1 Rg8 35. Nb3 Qf7 36. Nc1 Qg6 37. Ne2 Ne5 38. Bc2 Ref8 39. Nf4 Qf7 40. Rhe1 Ng6 41. Nxg6 Qxg6 42. Re2 Re8 43. Rbe1 1/2-1/2

[Event "Castellon Region-ch"]
[Site "Vila Real"]
[Date "2015.11.07"]
[Round "5.5"]
[White "Perez Garcia, Jose Miguel"]
[Black "Viciano Barrachina, Aitor"]
[Result "1/2-1/2"]
[WhiteElo "1917"]
[BlackElo "1871"]
[PlyCount "61"]
[EventDate "2015.10.03"]
[EventType "swiss"]
[EventRounds "7"]
[EventCountry "ESP"]
[SourceTitle "EXT 2024"]
[Source "ChessBase"]
[SourceDate "2023.10.10"]
[SourceVersion "1"]
[SourceVersionDate "2023.10.10"]
[SourceQuality "1"]

1. e4 Nf6 2. Bc4 Nxe4 3. Bxf7+ Kxf7 4. Qh5+ g6 5. Qd5+ e6 6. Qxe4 Bg7 7. d4 Rf8 8. Nf3 d5 9. Qe2 Kg8 10. 0-0 Qf6 11. Re1 b6 12. Bg5 Qf5 13. c3 c5 14. Be3 Ba6 15. Qd2 Nd7 16. a4 Nf6 17. Na3 Ne4 18. Qc1 Rac8 19. dxc5 bxc5 20. Nb5 d4 21. Bh6 Rcd8 22. Bxg7 Kxg7 23. cxd4 Bb7 24. dxc5 Nxc5 25. Qc3+ Kg8 26. Qe5 Bxf3 27. Qxf5 Rxf5 28. gxf3 Rxf3 29. Nxa7 Rd2 30. Rf1 Nd3 31. Rad1 1/2-1/2

[Event "Provincial-ch Moncofa"]
[Site "Moncofa"]
[Date "2013.11.09"]
[Round "5"]
[White "Viciano Barrachina, Aitor"]
[Black "Mingarro Carceller, Sergi"]
[Result "1-0"]
[WhiteElo "1844"]
[BlackElo "2213"]
[PlyCount "47"]
[EventDate "2013.10.05"]
[EventType "swiss"]
[EventRounds "7"]
[EventCountry "ESP"]
[SourceTitle "EXT 2024"]
[Source "ChessBase"]
[SourceDate "2023.10.10"]
[SourceVersion "1"]
[SourceVersionDate "2023.10.10"]
[SourceQuality "1"]

1. e4 g6 2. Nf3 Bg7 3. Bc4 c6 4. d4 d5 5. Bd3 Bg4 6. c3 dxe4 7. Bxe4 Nf6 8. Bd3 Nbd7 9. Bf4 0-0 10. 0-0 c5 11. h3 Bxf3 12. Qxf3 cxd4 13. cxd4 Qb6 14. Nc3 Qxd4 15. Rfd1 Qb6 16. Rd2 e5 17. Be3 Qc6 18. Ne4 Nd5 19. Rc2 Qe6 20. Bc4 N7b6 21. Bxb6 Kh8 22. Be3 Qc6 23. Bb3 Qb5 24. Rc5 1-0

[Event "Provincial-ch Vila Real"]
[Site "Vila Real"]
[Date "2012.10.20"]
[Round "3"]
[White "Ventura Monfort, Javier"]
[Black "Viciano Barrachina, Aitor"]
[Result "0-1"]
[WhiteElo "1710"]
[BlackElo "1804"]
[PlyCount "34"]
[EventDate "2012.10.06"]
[EventType "swiss"]
[EventRounds "7"]
[EventCountry "ESP"]
[SourceTitle "EXT 2024"]
[Source "ChessBase"]
[SourceDate "2023.10.10"]
[SourceVersion "1"]
[SourceVersionDate "2023.10.10"]
[SourceQuality "1"]

1. d4 f5 2. c4 Nf6 3. Nc3 g6 4. h4 Bg7 5. h5 Nxh5 6. e4 0-0 7. Rxh5 gxh5 8. Be2 d5 9. exd5 Nd7 10. Bxh5 Nf6 11. Bf3 e6 12. Bf4 exd5 13. Nxd5 Re8+ 14. Ne2 Nxd5 15. cxd5 Qh4 16. g3 Qh2 17. Qd2 Qg1# 0-1

[Event "Valencia-ch U18"]
[Site "Valencia"]
[Date "2012.04.12"]
[Round "3"]
[White "Trenor Dalmau, Jaime"]
[Black "Viciano Barrachina, Aitor"]
[Result "0-1"]
[WhiteElo "1349"]
[BlackElo "1774"]
[PlyCount "72"]
[EventDate "2012.04.11"]
[EventType "swiss"]
[EventRounds "6"]
[EventCountry "ESP"]
[SourceTitle "CBM 147 Extra"]
[Source "ChessBase"]
[SourceDate "2012.04.24"]
[SourceVersion "1"]
[SourceVersionDate "2012.04.24"]
[SourceQuality "1"]

1. d4 f5 2. Bf4 Nf6 3. Nf3 g6 4. e3 Bg7 5. Nbd2 0-0 6. Be2 d6 7. c4 Re8 8. Bd3 Nc6 9. d5 Nb4 10. Bc2 e5 11. Bg5 h6 12. Bxf6 Qxf6 13. a3 Nxc2+ 14. Qxc2 e4 15. Nd4 Bd7 16. Rb1 c5 17. N4b3 b5 18. 0-0 Rab8 19. Na5 a6 20. b4 Rec8 21. Rfc1 Qd8 22. Qa2 Kh7 23. g3 g5 24. Kg2 Kh8 25. Kf1 f4 26. Nxe4 fxe3 27. Nxd6 Bh3+ 28. Ke1 Qxd6 29. fxe3 Qf6 30. Qe2 cxb4 31. axb4 Rf8 32. Nc6 Rbe8 33. Rb3 bxc4 34. Rxc4 Qa1+ 35. Kd2 Qa2+ 36. Rc2 Qxb3 0-1

[Event "Castellon Provincial-ch"]
[Site "Castellon"]
[Date "2011.11.26"]
[Round "7.9"]
[White "Viciano Barrachina, Aitor"]
[Black "Torres Espinosa, Raul"]
[Result "1/2-1/2"]
[WhiteElo "1792"]
[BlackElo "1844"]
[PlyCount "126"]
[EventDate "2011.10.01"]
[EventType "swiss"]
[EventRounds "7"]
[EventCountry "ESP"]
[SourceTitle "EXT 2024"]
[Source "ChessBase"]
[SourceDate "2023.10.10"]
[SourceVersion "1"]
[SourceVersionDate "2023.10.10"]
[SourceQuality "1"]

1. e4 c5 2. c3 e6 3. d4 d5 4. exd5 Qxd5 5. Nf3 Nf6 6. Na3 Qd8 7. Nc2 Be7 8. Be2 Nc6 9. 0-0 cxd4 10. Ncxd4 Bd7 11. Bf4 Qb6 12. Nb5 e5 13. Be3 Qa5 14. b4 Qd8 15. Bc4 0-0 16. Qb3 a6 17. Na3 h6 18. Rfd1 Qc7 19. Qc2 Bd6 20. Bd3 Rfe8 21. Be4 Bg4 22. Nc4 Nxe4 23. Qxe4 Bxf3 24. Qxf3 Rad8 25. Bb6 Qe7 26. Bxd8 Rxd8 27. Nxd6 Rxd6 28. Rxd6 Qxd6 29. Rd1 Qe6 30. Qd5 Qf5 31. h3 Qc2 32. Qd2 Qf5 33. Qd7 Qc2 34. Qd2 Qf5 35. Qd3 Qh5 36. Rd2 Qg5 37. Qe3 Qf5 38. a4 h5 39. b5 axb5 40. Qd3 Qxd3 41. Rxd3 bxa4 42. c4 Na5 43. Ra3 Nxc4 44. Rxa4 b5 45. Ra8+ Kh7 46. Rb8 Na3 47. Kf1 Kg6 48. Ke2 f6 49. Kd3 Kf5 50. Kc3 g5 51. Kb3 Nc4 52. Rxb5 Nd2+ 53. Kc2 Ne4 54. f3 Ng3 55. Kd2 h4 56. Ke3 Nh5 57. Kf2 Ng3 58. Ra5 Kf4 59. Ra3 f5 60. Rb3 e4 61. Ra3 Nh1+ 62. Kg1 Ng3 63. Kf2 Nh1+ 1/2-1/2

[Event "Castellon Provincial-ch"]
[Site "Castellon"]
[Date "2011.11.12"]
[Round "5.9"]
[White "Ballester Clausell, David"]
[Black "Viciano Barrachina, Aitor"]
[Result "1-0"]
[WhiteElo "1883"]
[BlackElo "1792"]
[PlyCount "79"]
[EventDate "2011.10.01"]
[EventType "swiss"]
[EventRounds "7"]
[EventCountry "ESP"]
[SourceTitle "EXT 2024"]
[Source "ChessBase"]
[SourceDate "2023.10.10"]
[SourceVersion "1"]
[SourceVersionDate "2023.10.10"]
[SourceQuality "1"]

1. e4 Nf6 2. e5 Nd5 3. d4 d6 4. c4 Nb6 5. exd6 exd6 6. Nc3 Be7 7. Qf3 Nc6 8. Be3 a5 9. Bd3 Nb4 10. Qe2 Nxd3+ 11. Qxd3 Be6 12. d5 Bg4 13. f3 Bh5 14. Ne4 Bg6 15. Qd4 f5 16. Qxg7 Rf8 17. Nd2 Bf6 18. Qh6 Qe7 19. Kf2 0-0-0 20. Re1 Rde8 21. Nh3 Bxb2 22. Bxb6 Qf6 23. Rxe8+ Rxe8 24. Be3 Bd4 25. Re1 Bxe3+ 26. Rxe3 Qd4 27. Ke2 Rg8 28. Qf4 Qa1 29. a3 Qh1 30. Kf2 Bf7 31. Qxf5+ Kb8 32. Nf4 Bg6 33. Qh3 Qc1 34. Re2 Qc3 35. Nxg6 Rxg6 36. Qxh7 Rg7 37. Qh6 Rg8 38. Qh5 Qxa3 39. Re8+ Rxe8 40. Qxe8+ 1-0

[Event "Castellon Provincial-ch"]
[Site "Castellon"]
[Date "2011.10.15"]
[Round "2.5"]
[White "Viciano Barrachina, Aitor"]
[Black "Sos Andreu, Eric"]
[Result "0-1"]
[WhiteElo "1792"]
[BlackElo "2070"]
[PlyCount "72"]
[EventDate "2011.10.01"]
[EventType "swiss"]
[EventRounds "7"]
[EventCountry "ESP"]
[SourceTitle "EXT 2024"]
[Source "ChessBase"]
[SourceDate "2023.10.10"]
[SourceVersion "1"]
[SourceVersionDate "2023.10.10"]
[SourceQuality "1"]

1. e4 c6 2. d4 d5 3. exd5 cxd5 4. c4 Nf6 5. Nc3 g6 6. Nf3 Bg7 7. Bd3 0-0 8. 0-0 Nc6 9. h3 Nb4 10. Bb1 dxc4 11. Qa4 a5 12. a3 Bd7 13. Qd1 Nbd5 14. Bg5 Be6 15. Ne5 Rc8 16. Ba2 Nxc3 17. bxc3 Ne4 18. Nf3 Nxc3 19. Qc2 Nxa2 20. Qxa2 Re8 21. Rab1 c3 22. Qa1 Qd5 23. Rfe1 Bf5 24. Rbc1 Be4 25. Be3 Bxf3 26. gxf3 Qc4 27. Red1 b5 28. Rc2 b4 29. axb4 axb4 30. Ra2 b3 31. Ra4 b2 32. Qa3 Qxa4 33. Qxa4 c2 34. Qb3 cxd1Q+ 35. Qxd1 Rc1 36. Bxc1 b1Q 0-1

[Event "Valencia Cup tt"]
[Site "Valencia"]
[Date "2011.01.29"]
[Round "3"]
[White "Viciano Barrachina, Aitor"]
[Black "Rico Ripoll, Antonio Javier"]
[Result "0-1"]
[WhiteElo "1731"]
[BlackElo "1913"]
[PlyCount "90"]
[EventDate "2011.01.15"]
[EventType "team-tourn"]
[EventRounds "11"]
[EventCountry "ESP"]
[SourceTitle "EXT 2012"]
[Source "ChessBase"]
[SourceDate "2011.11.24"]
[SourceVersion "1"]
[SourceVersionDate "2011.11.24"]
[SourceQuality "1"]
[WhiteTeam "Vila Real II"]
[BlackTeam "Voltors"]
[WhiteTeamCountry "ESP"]
[BlackTeamCountry "ESP"]

1. e4 c5 2. c3 d5 3. exd5 Qxd5 4. d4 cxd4 5. cxd4 e5 6. Nc3 Bb4 7. Nf3 Nc6 8. Bd2 Bxc3 9. Bxc3 Bg4 10. dxe5 Nge7 11. Be2 0-0 12. 0-0 b5 13. Qxd5 Nxd5 14. Bxb5 Nxc3 15. Bxc6 Rac8 16. Bb7 Ne2+ 17. Kh1 Rb8 18. Rfe1 Nf4 19. h3 Bxh3 20. Ng5 Rxb7 21. gxh3 Rxb2 22. Re4 Rxf2 23. Ra4 h6 24. Ne4 Rf3 25. Rxa7 Rxh3+ 26. Kg1 Re3 27. Nd6 Rxe5 28. Rf1 g5 29. Rb1 Re6 30. Nf5 Rf6 31. Ne7+ Kh7 32. Rbb7 Kg7 33. a4 Rd8 34. Nc6 Rd1+ 35. Kh2 Rd2+ 36. Kg3 Nh5+ 37. Kh3 Rd3+ 38. Kg2 Rxc6 39. Rxf7+ Kg6 40. Rf2 Nf4+ 41. Kh2 Rh3+ 42. Kg1 Rc1+ 43. Rf1 Rg3+ 44. Kf2 Rg2+ 45. Ke3 Rxf1 0-1